| 000 | 00373nam a2200133 4500 | ||
|---|---|---|---|
| 999 |
_c507427 _d507427 |
||
| 008 | 190213b ||||| |||| 00| 0 eng d | ||
| 100 |
_aJoshi, Seema _91642 |
||
| 245 | _aRejuvenating Japanese economy through closing gender employment gap | ||
| 260 | _c2018 | ||
| 300 | _ap.198-205. | ||
| 773 | _aProductivity | ||
| 906 | _aWomen - Employment - Japan | ||
| 942 |
_2ddc _cAR |
||